Lyrics of "Creep" by Radiohead - Statistics

General Stats
  • This quiz has been taken 159 times
  • The average score is 139 of 165
Answer Stats
Answer % Correct
I
100%
i
100%
a
99%
cry
98%
I'm
97%
the
97%
creep
95%
here
94%
weirdo
94%
you
94%
dont
93%
don't
93%
hell
93%
what
93%
am
92%
When
92%
when
92%
belong
91%
but
90%
doing
88%
me
88%
in
86%
so
86%
special
86%
eye
85%
look
85%
your
85%
fucking
84%
was
84%
were
84%
like
83%
wish
83%
an
81%
makes
81%
you're
80%
skin
79%
angel
78%
not
78%
to
78%
want
76%
couldn't
73%
around
72%
beautiful
72%
before
72%
just
72%
perfect
72%
body
71%
feather
71%
have
70%
float
69%
soul
69%
world
69%
wanna
66%
control
65%
notice
65%
run
62%
she
58%
it
55%
running
51%
she's
51%
care
50%
happy
50%
if
50%
whatever
50%
out
47%
hurts
44%
door
34%
No matching quizzes found
Score Distribution
Percent of People with Each Score
Percentile by Number Answered
Your Score History
You have not taken this quiz